Education and human resource development (Record no. 70542)

MARC details
000 -LEADER
fixed length control field 00794cam a22002291 4500
001 - CONTROL NUMBER
control field sa 66006489
003 - CONTROL NUMBER IDENTIFIER
control field DLC
005 - DATE AND TIME OF LATEST TRANSACTION
control field 20260227112256.0
008 - FIXED-LENGTH DATA ELEMENTS--GENERAL INFORMATION
fixed length control field 800408s1966 ii a 000 0 eng
010 ## - LIBRARY OF CONGRESS CONTROL NUMBER
LC control number sa 66006489
035 ## - SYSTEM CONTROL NUMBER
System control number (OCoLC)6177053
040 ## - CATALOGING SOURCE
Original cataloging agency DLC
Transcribing agency ArU
Modifying agency OCoLC
-- DLC
042 ## - AUTHENTICATION CODE
Authentication code premarc
050 00 - LIBRARY OF CONGRESS CALL NUMBER
Classification number LC2605
Item number .R36
100 1# - MAIN ENTRY--PERSONAL NAME
Personal name Rao, V. K. R. V.
Fuller form of name (Vijendra Kasturi Ranga Varadaraja),
Dates associated with a name 1908-1991.
245 10 - TITLE STATEMENT
Title Education and human resource development
Statement of responsibility, etc. [by] V. K. R. V. Rao.
260 ## - PUBLICATION, DISTRIBUTION, ETC.
Place of publication, distribution, etc. Bombay,
-- New York,
Name of publisher, distributor, etc. Allied Publishers
Date of publication, distribution, etc. [1966]
300 ## - PHYSICAL DESCRIPTION
Extent xi, 220 p.
Other physical details illus.
Dimensions 23 cm.
500 ## - GENERAL NOTE
General note Label mounted on t. p. :v Sole distributors in the USA: Paragon Book Gallery, New York.
650 #0 - SUBJECT ADDED ENTRY--TOPICAL TERM
Topical term or geographic name entry element Education
Geographic subdivision Developing countries.
650 #0 - SUBJECT ADDED ENTRY--TOPICAL TERM
Topical term or geographic name entry element Education
General subdivision Economic aspects.

No items available.

Powered by Koha